logo

Bir Sreshtho Munshi Abdur Rouf Library
Jhenaidah Cadet College

ছাত্রবোধ অভিধান / (Record no. 10221)

MARC details
000 -LEADER
fixed length control field 00705nam a22002177a 4500
001 - CONTROL NUMBER
JCCL Control Number 10221
003 - CONTROL NUMBER IDENTIFIER
JCCL marc code BD-JhCC
005 - DATE AND TIME OF LATEST TRANSACTION
control field 20180421125854.0
008 - FIXED-LENGTH DATA ELEMENTS--GENERAL INFORMATION
fixed length control field 180421s1371 ii a|||| ||a| 000 0 ben d
035 ## - SYSTEM CONTROL NUMBER
system control number (BD-JhCC)10221
040 ## - CATALOGING SOURCE
Original cataloging agency BD-JhCC
Modifying agency BD-JhCC
041 ## - LANGUAGE CODE
Language code of Book ben
082 ## - DEWEY DECIMAL CLASSIFICATION NUMBER
Classification number 491.443
Author mark and Year DEV 1371
100 ## - MAIN ENTRY--PERSONAL NAME
Personal name দেব, আশুতোষ
245 ## - TITLE STATEMENT
Title ছাত্রবোধ অভিধান /
Statement of responsibility, etc আশুতোষ দেব
260 ## - PUBLICATION, DISTRIBUTION, ETC. (IMPRINT)
Place of publication, distribution, etc কলিকাতা :
Name of publisher, distributor, etc দেব সাহিত্য-কুটীর প্রাইভেট লিমিটেড
Date of publication, distribution, etc 1371.
300 ## - PHYSICAL DESCRIPTION
Pagination 1249 p. :
Dimensions 26 cm.
650 ## - SUBJECT ADDED ENTRY--TOPICAL TERM
Topical term or geographic name as entry element Bengali Dictionaries
942 ## - ADDED ENTRY ELEMENTS (KOHA)
Source of classification or shelving scheme Dewey Decimal Classification
Koha item type Books
Holdings
Source of classification or shelving scheme Damaged status Not for loan Home library Current library Shelving location Date of accession Cost, normal purchase price Total Checkouts Full call number Barcode Date last seen Copy number Koha item type
Dewey Decimal Classification     JCC Rouf Library JCC Rouf Library General Stacks 04/21/2018 8.00   491.443 DEV 1371 12856 04/21/2018 C-1 Books

JCC Library | Contacts | JCC Home

Last Update on 23 September 2017
Copyright @ 2017-2020 JCC Rouf Library
Rouf Library, Jhenidah Cadet College (JCC), Bangladesh